00418nam a2200133Ia 4500008004100000082001600041245006100057245001900118260001900137300000900156942000800165999001900173952009200192231017s9999 xx 000 0 und d a307.1216097 0aCity Making: Building Communities without Building Walls 0cGerald E. Frug bGerald E. Frug c30cm cREP c603464d603464 00104070aNITbNITd2023-10-17l0o307.1216097pNIT-3273r2023-10-17w2023-10-17yREP